| 000 | 00890cam a2200349 4500500 | ||
|---|---|---|---|
| 005 | 20260405003512.0 | ||
| 041 | _afre | ||
| 042 | _adc | ||
| 100 | 1 | 0 |
_aEltchaninoff, Michel _eauthor |
| 245 | 0 | 0 | _aL’Empire contre les cosaques |
| 260 | _c2022. | ||
| 500 | _a1 | ||
| 690 | _aBiélorussie | ||
| 690 | _acourage | ||
| 690 | _aEmpire | ||
| 690 | _aGuerre | ||
| 690 | _aHegel | ||
| 690 | _aHéroïsme | ||
| 690 | _aIndépendance | ||
| 690 | _aLibertaire | ||
| 690 | _aLiberté | ||
| 690 | _aMort | ||
| 690 | _aNicolas Gogol | ||
| 690 | _aNihilisme | ||
| 690 | _aPeuple | ||
| 690 | _aPoutine | ||
| 690 | _aRussie | ||
| 690 | _aSacrifice | ||
| 690 | _aUkraine | ||
| 786 | 0 | _nPhilosophie magazine | 159 | 5 | 2022-05-01 | p. 28-28 | 1951-1787 | |
| 856 | 4 | 1 | _uhttps://shs.cairn.info/magazine-philosophie-magazine-2022-5-page-28?lang=fr&redirect-ssocas=7080 |
| 999 |
_c2068145 _d2068145 |
||